[Event "Soukhumi op"]
[Site "Soukhumi"]
[Date "2007.08.11"]
[Round "8"]
[White "Matsenko, Vadim"]
[Black "Ivakhin, Maxim"]
[Result "1/2-1/2"]
[WhiteElo "2175"]
[BlackElo "2363"]
[PlyCount "68"]
[EventDate "2007.08.03"]
[EventType "swiss"]
[EventRounds "9"]
[EventCountry "RUS"]
[SourceTitle "EXT 2009"]
[Source "ChessBase"]
[SourceDate "2008.11.26"]
[SourceVersion "1"]
[SourceVersionDate "2008.11.26"]
[SourceQuality "1"]

1. e4 g6 2. d4 Bg7 3. Nc3 c6 4. Bc4 b5 5. Bb3 d6 6. Be3 a6 7. Qd2 Nd7 8. a4 Bb7 9. axb5 cxb5 10. Bd5 Bxd5 11. Nxd5 Ngf6 12. Nxf6+ Nxf6 13. f3 0-0 14. Ne2 d5 15. e5 Nd7 16. 0-0 Qb6 17. Nf4 e6 18. Nd3 Rfc8 19. h4 a5 20. h5 b4 21. hxg6 fxg6 22. f4 b3 23. cxb3 Qxb3 24. Ra3 Qb5 25. Rfa1 a4 26. b3 Nb6 27. bxa4 Rxa4 28. Rxa4 Nxa4 29. Rc1 Rc4 30. Nc5 Nxc5 31. Rxc4 Qxc4 32. dxc5 Bf8 33. Qd4 Qc2 34. Qb4 Qd1+ 1/2-1/2

[Event "Soukhumi op"]
[Site "Soukhumi"]
[Date "2007.08.09"]
[Round "6"]
[White "Kareva, Natalia"]
[Black "Ivakhin, Maxim"]
[Result "0-1"]
[WhiteElo "1841"]
[BlackElo "2363"]
[PlyCount "54"]
[EventDate "2007.08.03"]
[EventType "swiss"]
[EventRounds "9"]
[EventCountry "RUS"]
[SourceTitle "EXT 2009"]
[Source "ChessBase"]
[SourceDate "2008.11.26"]
[SourceVersion "1"]
[SourceVersionDate "2008.11.26"]
[SourceQuality "1"]

1. e4 g6 2. d4 Bg7 3. Nc3 c6 4. Nf3 d6 5. h3 b5 6. Bd3 a6 7. Ne2 Nd7 8. c3 c5 9. d5 Nb6 10. 0-0 Nf6 11. Bg5 0-0 12. Qd2 Kh8 13. Nh4 Ng8 14. g4 Qd7 15. Ng3 Bb7 16. Be3 e6 17. b4 Rac8 18. dxe6 Qxe6 19. Rad1 Na4 20. f4 Bxc3 21. Qf2 Nb2 22. f5 Nxd1 23. Rxd1 Qe7 24. g5 Bxb4 25. fxg6 fxg6 26. Bd4+ cxd4 27. Qxd4+ Qe5 0-1

[Event "Pula op 20th"]
[Site "Pula"]
[Date "2006.06.21"]
[Round "5"]
[White "Ivakhin, Maxim"]
[Black "Zugaj, Fjodor"]
[Result "1-0"]
[WhiteElo "2368"]
[BlackElo "2215"]
[PlyCount "137"]
[EventDate "2006.06.18"]
[EventType "swiss"]
[EventRounds "9"]
[EventCountry "CRO"]
[SourceTitle "CBM 112 Extra"]
[Source "ChessBase"]
[SourceDate "2006.07.14"]
[SourceVersion "1"]
[SourceVersionDate "2006.07.14"]
[SourceQuality "1"]

1. e4 c6 2. d4 d5 3. e5 Bf5 4. Nf3 e6 5. Be2 Ne7 6. 0-0 c5 7. c3 Nec6 8. Be3 Nd7 9. Nbd2 Be7 10. dxc5 Bxc5 11. Nd4 Bg6 12. f4 f6 13. N2b3 Bb6 14. Qd2 Qe7 15. Bb5 Nxd4 16. cxd4 0-0 17. a4 a6 18. Be2 Be4 19. a5 Ba7 20. Rfc1 Rac8 21. Rc3 h6 22. Rac1 Rxc3 23. Rxc3 Bb8 24. Rc1 g5 25. exf6 Qxf6 26. fxg5 hxg5 27. Rf1 Bf4 28. g3 Bxe3+ 29. Qxe3 Qd8 30. Rxf8+ Kxf8 31. Bg4 Kf7 32. Nd2 Qxa5 33. Nxe4 dxe4 34. Qxe4 Qb6 35. Qh7+ Ke8 36. Qg8+ Ke7 37. Qxg5+ Kd6 38. Qf4+ Ke7 39. h4 Qxb2 40. h5 Qb1+ 41. Kh2 Qc2+ 42. Kh3 b5 43. Qe3 Qc6 44. Bf3 Qc8 45. g4 b4 46. d5 Nf6 47. g5 e5+ 48. Kg3 Nd7 49. g6 Kf6 50. Qe4 Qf8 51. Qg4 Qd6 52. Be4 Kg7 53. h6+ Kg8 54. Qe6+ Qxe6 55. dxe6 Nf6 56. Bc2 Nd5 57. Kh4 a5 58. Kg5 a4 59. Bxa4 e4 60. Be8 Ne7 61. Bf7+ Kh8 62. Kf6 Nd5+ 63. Ke5 Ne7 64. Kxe4 b3 65. Kd3 Nf5 66. g7+ Nxg7 67. e7 b2 68. Kc2 Kh7 69. hxg7 1-0

[Event "Budapest FS02 IM"]
[Site "Budapest"]
[Date "1996.??.??"]
[Round "5"]
[White "Ivakhin, Maxim"]
[Black "Kiss, Fernanda"]
[Result "1-0"]
[WhiteElo "2300"]
[BlackElo "2160"]
[PlyCount "45"]
[EventDate "1996.02.??"]
[EventType "tourn"]
[EventRounds "13"]
[EventCountry "HUN"]
[EventCategory "2"]
[SourceTitle "CBM 051 Extra"]
[Source "ChessBase"]
[SourceDate "1996.05.01"]
[SourceVersion "1"]
[SourceVersionDate "1996.05.01"]
[SourceQuality "1"]

1. e4 c5 2. Nf3 e6 3. d4 cxd4 4. Nxd4 a6 5. Nc3 Qc7 6. g3 Nf6 7. Bg2 Nc6 8. 0-0 Be7 9. a4 0-0 10. Nb3 d5 11. exd5 exd5 12. Bf4 Qb6 13. a5 Qa7 14. Nxd5 Nxd5 15. Bxd5 Bf6 16. c3 Rd8 17. Bc7 Re8 18. Re1 Bf5 19. Qf3 Bg6 20. Bb6 Qb8 21. Nc5 Ne5 22. Qg2 Bh5 23. Bxb7 1-0

[Event "Budapest FS02 IM"]
[Site "Budapest"]
[Date "1996.??.??"]
[Round "4"]
[White "Kiss, Gedeon"]
[Black "Ivakhin, Maxim"]
[Result "1-0"]
[WhiteElo "2130"]
[BlackElo "2300"]
[PlyCount "101"]
[EventDate "1996.02.??"]
[EventType "tourn"]
[EventRounds "13"]
[EventCountry "HUN"]
[EventCategory "2"]
[SourceTitle "CBM 051 Extra"]
[Source "ChessBase"]
[SourceDate "1996.05.01"]
[SourceVersion "1"]
[SourceVersionDate "1996.05.01"]
[SourceQuality "1"]

1. e4 c6 2. d4 g6 3. Nc3 Bg7 4. Bc4 b5 5. Bb3 Bb7 6. h4 d6 7. Qf3 e6 8. Bg5 Qb6 9. Nge2 Nd7 10. h5 d5 11. 0-0-0 a5 12. exd5 cxd5 13. a4 b4 14. Nb5 Rc8 15. Nf4 Ngf6 16. h6 Bf8 17. Bxf6 Nxf6 18. Nxg6 hxg6 19. Qxf6 Rxh6 20. Rxh6 Bxh6+ 21. Kb1 Bf8 22. Rh1 Qd8 23. Qe5 Qe7 24. Rh7 Bc6 25. Qf4 Bd7 26. Nc7+ Kd8 27. Rxf7 Rxc7 28. Rxe7 Bxe7 29. Qg4 g5 30. Qe2 Bf6 31. Qa6 Bxd4 32. Qxa5 Bc5 33. c3 bxc3 34. Qxc3 Kc8 35. Qf6 g4 36. Qf4 Rb7 37. Ka2 Kd8 38. Qxg4 Bxf2 39. Qg8+ Kc7 40. Qf7 Bd4 41. g4 Be5 42. g5 Kb8 43. Qf8+ Bc8 44. Qf3 Rg7 45. Qe3 Bc7 46. Bc2 e5 47. g6 e4 48. Qh6 Rg8 49. g7 Be5 50. Qb6+ Bb7 51. Qe6 1-0

[Event "Budapest FS02 IM"]
[Site "Budapest"]
[Date "1996.??.??"]
[Round "10"]
[White "Ladanyi, Tibor"]
[Black "Ivakhin, Maxim"]
[Result "0-1"]
[WhiteElo "2160"]
[BlackElo "2300"]
[PlyCount "76"]
[EventDate "1996.02.??"]
[EventType "tourn"]
[EventRounds "13"]
[EventCountry "HUN"]
[EventCategory "2"]
[SourceTitle "CBM 051 Extra"]
[Source "ChessBase"]
[SourceDate "1996.05.01"]
[SourceVersion "1"]
[SourceVersionDate "1996.05.01"]
[SourceQuality "1"]

1. d4 d5 2. c4 e6 3. Nc3 Nf6 4. cxd5 exd5 5. Bg5 Be7 6. e3 Nbd7 7. Bd3 Nf8 8. Nge2 Ne6 9. Bh4 0-0 10. 0-0 b6 11. f4 g6 12. Qc2 Bb7 13. f5 Ng7 14. Nf4 Qd7 15. fxg6 fxg6 16. Bxg6 hxg6 17. Nxg6 Rae8 18. Rf3 Nh7 19. Nxe7+ Rxe7 20. Rxf8+ Nxf8 21. Bxe7 Qxe7 22. Qf2 Nfe6 23. Rf1 c5 24. dxc5 bxc5 25. Qf6 Qd7 26. h4 d4 27. Rd1 Qc6 28. Qg6 dxc3 29. h5 c2 30. Rc1 Qe4 31. Qg3 Qd3 32. Qb8+ Kh7 33. Qxb7 Qxe3+ 34. Kh2 Qxc1 35. Qd5 Kg8 36. Qa8+ Kf7 37. Qb7+ Kf6 38. Qf3+ Qf4+ 0-1

[Event "Budapest FS07 IM-A"]
[Site "Budapest"]
[Date "1995.??.??"]
[Round "?"]
[White "Gardner, Robert"]
[Black "Ivakhin, Maxim"]
[Result "0-1"]
[WhiteElo "2185"]
[BlackElo "2240"]
[PlyCount "118"]
[EventDate "1995.07.??"]
[EventType "tourn"]
[EventRounds "11"]
[EventCountry "HUN"]
[EventCategory "2"]
[SourceTitle "EXT 1997"]
[Source "ChessBase"]
[SourceDate "1996.11.15"]
[SourceVersion "1"]
[SourceVersionDate "1996.11.15"]
[SourceQuality "1"]

1. e4 c6 2. d4 g6 3. Nc3 Bg7 4. Be3 d6 5. Nf3 b5 6. Bd3 a6 7. h3 Nd7 8. a4 Bb7 9. Qd2 Qc7 10. 0-0 Ngf6 11. Bh6 0-0 12. Rfe1 e5 13. dxe5 dxe5 14. Ne2 Nh5 15. g4 Nf4 16. Bxg7 Nxe2+ 17. Rxe2 Kxg7 18. Qc3 Qd6 19. Rd2 Qe7 20. Rad1 b4 21. Qb3 a5 22. Bc4 Nb6 23. Be2 Bc8 24. c4 Nd7 25. Qe3 Nc5 26. b3 f6 27. Rd6 Ne6 28. Qb6 Ra6 29. Qe3 c5 30. R6d2 Nf4 31. Bf1 Ra7 32. Ne1 Rc7 33. Rd6 Ne6 34. R6d2 Rh8 35. Ng2 h5 36. Be2 Nd4 37. Qg3 hxg4 38. Bxg4 Bb7 39. Re1 Kf8 40. f4 f5 41. exf5 gxf5 42. Rxe5 Qf6 43. Rxd4 fxg4 44. Qxg4 Bc8 45. Qd1 cxd4 46. Qxd4 Rc6 47. Qd5 Qd6 48. Qxa5 Qd4+ 49. Kf1 Bxh3 50. Qxb4+ Qd6 51. c5 Qd3+ 52. Kf2 Qc2+ 53. Ke3 Qxg2 54. Qb8+ Bc8 55. Rf5+ Ke8 56. Re5+ Kd8 57. Kd4 Qf2+ 58. Kc4 Qxf4+ 59. Kb5 Qf1+ 0-1

[Event "Budapest FS07 IM-A"]
[Site "Budapest"]
[Date "1995.??.??"]
[Round "?"]
[White "Honfi, Karoly"]
[Black "Ivakhin, Maxim"]
[Result "0-1"]
[WhiteElo "2390"]
[BlackElo "2240"]
[PlyCount "114"]
[EventDate "1995.07.??"]
[EventType "tourn"]
[EventRounds "11"]
[EventCountry "HUN"]
[EventCategory "2"]
[SourceTitle "EXT 1997"]
[Source "ChessBase"]
[SourceDate "1996.11.15"]
[SourceVersion "1"]
[SourceVersionDate "1996.11.15"]
[SourceQuality "1"]

1. e4 c5 2. b3 Nc6 3. Bb2 Nf6 4. e5 Nd5 5. Nf3 Nc7 6. g3 d5 7. Bg2 e6 8. 0-0 Be7 9. d4 0-0 10. dxc5 Bxc5 11. Nbd2 b5 12. c4 bxc4 13. bxc4 Ba6 14. Qa4 Qd7 15. cxd5 Nxe5 16. Qc2 Nxf3+ 17. Nxf3 Bxf1 18. Ng5 Bd3 19. Qxd3 f5 20. Qc3 Qe7 21. Nxe6 Nxe6 22. dxe6 Rac8 23. Qe5 Bd6 24. Qe2 f4 25. Rd1 fxg3 26. hxg3 Bc5 27. Bd4 Rfd8 28. Bxc5 Rxd1+ 29. Qxd1 Qxc5 30. Qd2 a5 31. Be4 Kh8 32. Kg2 Qe5 33. Qd5 Qxd5 34. Bxd5 Re8 35. Kf3 Kg8 36. Ke4 Kf8 37. f4 Ke7 38. Ke5 h5 39. Bf3 Rc8 40. Kd5 Rc2 41. a4 Ra2 42. Bxh5 Rxa4 43. f5 Ra3 44. Kc4 Rxg3 45. Bd1 Rg1 46. Bc2 Rc1 47. Kb3 Kd6 48. Kc3 Re1 49. Kd4 Re5 50. Kc3 Kc5 51. Ba4 Re3+ 52. Kd2 Kd4 53. Bb5 Re5 54. Ba4 Kc4 55. Bd7 Kb4 56. Kd3 Kc5 57. Ba4 Kd6 0-1

[Event "Papp Bela Memorial"]
[Site "Hungary"]
[Date "1995.??.??"]
[Round "?"]
[White "Ivakhin, Maxim"]
[Black "Csorba, Janos"]
[Result "1-0"]
[WhiteElo "2240"]
[BlackElo "2135"]
[PlyCount "113"]
[EventDate "1995.??.??"]
[EventType "swiss"]
[EventRounds "9"]
[EventCountry "HUN"]
[SourceTitle "EXT 1999"]
[Source "ChessBase"]
[SourceDate "1998.11.16"]
[SourceVersion "1"]
[SourceVersionDate "1998.11.16"]
[SourceQuality "1"]

1. e4 e5 2. Nf3 Nc6 3. Bc4 Nf6 4. Ng5 d5 5. exd5 b5 6. Bf1 Ng4 7. h4 Bc5 8. Qf3 Bxf2+ 9. Kd1 0-0 10. dxc6 Ne3+ 11. Ke2 Bg4 12. dxe3 Bxf3+ 13. gxf3 Bxh4 14. Rxh4 Qxg5 15. Rg4 Qh5 16. Nc3 f5 17. Rg3 f4 18. Rh3 Qg6 19. Ne4 Qxc6 20. c3 Rad8 21. Bd2 h6 22. Ke1 g5 23. exf4 exf4 24. Be2 Rde8 25. Rh2 g4 26. Rg2 h5 27. Bd3 Kh8 28. c4 gxf3 29. Bc3+ Kh7 30. Rg7+ Kh6 31. Kf2 Rxe4 32. Rag1 Rfe8 33. R1g6+ Qxg6 34. Rxg6+ Kxg6 35. Kxf3 Kg5 36. Bxe4 h4 37. Bd2 Rf8 38. cxb5 h3 39. Bc6 Rf6 40. a4 h2 41. Kg2 Re6 42. Bf3 Rd6 43. Bc3 Rh6 44. Kh1 Rh3 45. Bg2 Re3 46. Kxh2 Kg4 47. Bf1 Kf3 48. Bd4 Re6 49. Bxa7 Rh6+ 50. Bh3 Ke2 51. a5 f3 52. Kg3 Rh5 53. Bg4 Rxb5 54. Bxf3+ Kd3 55. a6 c5 56. Bc6 Ra5 57. Bb6 1-0

[Event "Budapest act op"]
[Site "Budapest"]
[Date "1995.??.??"]
[Round "?"]
[White "Ivakhin, Maxim"]
[Black "Izsak, Gyula"]
[Result "0-1"]
[WhiteElo "2300"]
[BlackElo "2445"]
[PlyCount "53"]
[EventDate "1995.??.??"]
[EventType "swiss (rapid)"]
[EventRounds "7"]
[EventCountry "HUN"]
[SourceTitle "EXT 2002"]
[Source "ChessBase"]
[SourceDate "2001.11.25"]
[SourceVersion "1"]
[SourceVersionDate "2001.11.25"]
[SourceQuality "1"]

1. e4 c5 2. Nf3 e6 3. d4 cxd4 4. Nxd4 a6 5. Nc3 Qc7 6. g3 Nf6 7. Bg2 Bb4 8. Bd2 0-0 9. 0-0 Be7 10. a4 Nc6 11. Nb3 d6 12. f4 Rd8 13. Kh1 b6 14. g4 d5 15. e5 Nd7 16. Ne2 Nc5 17. Ned4 Bb7 18. Be3 Ne4 19. Nxc6 Bxc6 20. Nd4 Bb7 21. f5 Qxe5 22. Bf4 Qf6 23. g5 Nxg5 24. Bxg5 Qxg5 25. fxe6 Bf6 26. exf7+ Kxf7 27. Qd3 0-1

[Event "Budapest act op"]
[Site "Budapest"]
[Date "1995.??.??"]
[Round "?"]
[White "Lehmann, Zoltan"]
[Black "Ivakhin, Maxim"]
[Result "0-1"]
[WhiteElo "2340"]
[BlackElo "2300"]
[PlyCount "70"]
[EventDate "1995.??.??"]
[EventType "swiss (rapid)"]
[EventRounds "7"]
[EventCountry "HUN"]
[SourceTitle "EXT 2002"]
[Source "ChessBase"]
[SourceDate "2001.11.25"]
[SourceVersion "1"]
[SourceVersionDate "2001.11.25"]
[SourceQuality "1"]

1. d4 Nf6 2. c4 e6 3. Nc3 d6 4. Nf3 Be7 5. g3 b6 6. Bg2 Bb7 7. 0-0 0-0 8. Re1 d5 9. Ne5 c6 10. e4 Na6 11. Bf4 Nc7 12. a3 Rc8 13. Rc1 c5 14. cxd5 exd5 15. exd5 Ncxd5 16. dxc5 Bxc5 17. b4 Nxf4 18. Qxd8 Nxg2 19. Qxf8+ Bxf8 20. Re2 Nd5 21. Rec2 Re8 22. Nd3 g5 23. Nxd5 Bxd5 24. Rc8 Re2 25. Rd8 Bf3 26. Rcc8 Ne1 27. Kf1 Nxd3 28. Rxd3 Bg4 29. Ra8 Ra2 30. Rdd8 Bf3 31. Rxf8+ Kg7 32. Rg8+ Kf6 33. Rae8 Rxa3 34. Re1 g4 35. Rh8 Rd3 0-1

[Event "Budapest FS07 IM-A"]
[Site "Budapest"]
[Date "1995.??.??"]
[Round "?"]
[White "Maier, Alexander"]
[Black "Ivakhin, Maxim"]
[Result "1-0"]
[WhiteElo "2270"]
[BlackElo "2240"]
[PlyCount "49"]
[EventDate "1995.07.??"]
[EventType "tourn"]
[EventRounds "11"]
[EventCountry "HUN"]
[EventCategory "2"]
[SourceTitle "EXT 1997"]
[Source "ChessBase"]
[SourceDate "1996.11.15"]
[SourceVersion "1"]
[SourceVersionDate "1996.11.15"]
[SourceQuality "1"]

1. e4 c5 2. b3 Nc6 3. Bb2 Nf6 4. e5 Nd5 5. Nf3 Nc7 6. Ng5 h6 7. Qh5 g6 8. e6 dxe6 9. Qf3 hxg5 10. Bxh8 f6 11. Bd3 Ne5 12. Bxg6+ Kd7 13. Qh5 Nxg6 14. Qxg6 Nd5 15. h4 Qc7 16. Nc3 Qe5+ 17. Kf1 b6 18. hxg5 Bb7 19. gxf6 exf6 20. Rh5 Qd4 21. Re1 Be7 22. Nxd5 Bxd5 23. c4 Bc6 24. Rh7 Rf8 25. Re3 1-0

[Event "Budapest act op"]
[Site "Budapest"]
[Date "1995.??.??"]
[Round "?"]
[White "Nagy, Helga"]
[Black "Ivakhin, Maxim"]
[Result "0-1"]
[WhiteElo "2090"]
[BlackElo "2300"]
[PlyCount "50"]
[EventDate "1995.??.??"]
[EventType "swiss (rapid)"]
[EventRounds "7"]
[EventCountry "HUN"]
[SourceTitle "EXT 2002"]
[Source "ChessBase"]
[SourceDate "2001.11.25"]
[SourceVersion "1"]
[SourceVersionDate "2001.11.25"]
[SourceQuality "1"]

1. e4 c5 2. Nf3 Nc6 3. Bb5 g6 4. d4 cxd4 5. Bxc6 dxc6 6. Qxd4 Qxd4 7. Nxd4 Bg7 8. c3 Nf6 9. f3 0-0 10. Bg5 Re8 11. Nd2 Nd7 12. Kf2 Bf8 13. Rag1 a5 14. h4 e5 15. Ne2 Nc5 16. Nc1 Be6 17. g4 h6 18. Be3 Red8 19. Rd1 Na4 20. f4 exf4 21. Bxf4 Nxb2 22. Rdg1 Nd3+ 23. Nxd3 Rxd3 24. Nf3 Rxc3 25. h5 Bc5+ 0-1

[Event "Budapest FS07 IM-A"]
[Site "Budapest"]
[Date "1995.??.??"]
[Round "?"]
[White "Orso, Miklos"]
[Black "Ivakhin, Maxim"]
[Result "1/2-1/2"]
[WhiteElo "2400"]
[BlackElo "2240"]
[PlyCount "22"]
[EventDate "1995.07.??"]
[EventType "tourn"]
[EventRounds "11"]
[EventCountry "HUN"]
[EventCategory "2"]
[SourceTitle "EXT 1997"]
[Source "ChessBase"]
[SourceDate "1996.11.15"]
[SourceVersion "1"]
[SourceVersionDate "1996.11.15"]
[SourceQuality "1"]

1. d4 d5 2. Nf3 Nf6 3. c4 e6 4. Nc3 Be7 5. Bg5 Nbd7 6. e3 c6 7. cxd5 exd5 8. Bd3 Nf8 9. Qc2 Ne6 10. Bh4 g6 11. 0-0 0-0 1/2-1/2